Documento firmado por José Joaquín de Herrera Ricardos (Record no. 4618)

MARC details
000 -CABECERA
campo de control de longitud fija 03889nam a2200409 a 4500
001 - NÚMERO DE CONTROL
campo de control BRCA_4924
005 - FECHA Y HORA DE LA ÚLTIMA TRANSACCIÓN
campo de control 20190320204848.0
008 - DATOS DE LONGITUD FIJA--INFORMACIÓN GENERAL
campo de control de longitud fija 211010m18241849mx-####f#v---#000-0#spa-#
041 ## - CÓDIGO DE LENGUA
Código de lengua del texto/banda sonora o título independiente spa
044 ## - CÓDIGO DEL PAÍS DE LA ENTIDAD EDITORA/PRODUCTORA
Código MARC del país mx
084 ## - OTRO NÚMERO DE CLASIFICACIÓN
Número de clasificación DOC19
Número de documento/Ítem .H47
-- 1824
100 1# - ENTRADA PRINCIPAL--NOMBRE DE PERSONA
Nombre de persona Herrera Ricardos, José Joaquín de
Fechas asociadas al nombre 1792-1854
9 (RLIN) 12484
245 10 - MENCIÓN DE TÍTULO
Título Documento firmado por José Joaquín de Herrera Ricardos
Mención de responsabilidad, etc. José Joaquín de Herrera Ricardos ... [et al.]
260 ## - PUBLICACIÓN, DISTRIBUCIÓN, ETC.
Lugar de publicación, distribución, etc. México
Fecha de publicación, distribución, etc. 1824-1849
300 ## - DESCRIPCIÓN FÍSICA
Extensión [4] fojas
Dimensiones 31 x 21 cm
500 ## - NOTA GENERAL
Nota general Primer folio: En la parte superior, Escudo del Gobierno Nacional de México (Águila Real) con la inscripción: SELLO SEGUNDO DOCE REALES. Para los años de mil ochocientos veinticinco. Escudo Nacional abultado en la parte inferior. Encabezado: EL SUPREMO PODER EJECUTIVO. Nombrado provisionalmente por el Soberano Congreso Constituyente Mexicano. Siendo Presidente Don José Joaquín de Herrera, se le concede grado de Capitán del Ejército al Teniente del Batallón Don Manuel López a partir del 12 de diciembre de 1821, por sus méritos y servicios a la Independencia de México, dado en el Palacio de México el 23 de enero de 1824. Firmas autógrafas de Don José Mariano Michelena, Don Miguel Dominguez, Don José Joaquín de Herrera. Ausente el señor Guerrero en comisión al servicio. Reverso: Acuse de recibido de la Comandancia General del Estado de Guanajuato, de la Tesorería Principal del Cuartel de Guanajuato y de la Oficina de Tropa de la Tesorería de Guanajuato.
500 ## - NOTA GENERAL
Nota general Segundo folio: En la parte superior del Escudo Nacional (Águila Real) e inscripción: SELLO CUARTO DE OFICIO, sello lacrado. Para los años de mil ochocientos cuarenta y milochocientos cuarenta y uno. Al margén: Destinado solamente para las causas criminales que se sigan de oficio en todos los juzgados y tribunales de la República. Contiene una consulta del señor alcabalas y contribuciones directas al señor Tesorero Departamental de Guanajuato sobre si se debe continuar pagando sus sueldos a los cesantes y militares retirados que han continuado prestando sus servicios en algunas oficinas. Fechado en México el 9 de febrero de 1845
500 ## - NOTA GENERAL
Nota general Tercer folio: Concesión de un Escudo de Distinción a Don Manuel López subteniente del Regimiento de Toluca, otorgada por el Virrey de Nueva España Don Juan Ruíz de Apodaca, el 19 de junio de 1818 por haberse distinguido contra los rebeldes en el Sitio y Toma del Fuerte Jauqilla. Firmado en México por Don Juan Ruíz de Apodaca y Patricio Romana. En la parte superior grabado el emblema español.
500 ## - NOTA GENERAL
Nota general Cuarto folio: Al margén sello de la aduana de Cuautitlán constancia del pago de un peso cuatro centavos de diferencia del precio del papel de acuerdo con el decreto de 20 de abril de 1848. Firmado en México el 3 de enero de 1849 por Marcos Moreno, Manuel Morales y Manuel Durán.
500 ## - NOTA GENERAL
Nota general Documento con escudo del águila republicana en las fojas 1 y 3 y escudo de armas de Juan Ruíz de Apodaca en la foja 4
500 ## - NOTA GENERAL
Nota general El documento tiene la leyenda DOC. #28
500 ## - NOTA GENERAL
Nota general Papel con marca de agua
506 0# - NOTA DE RESTRICCIONES AL ACCESO
Limitaciones de acceso Fondo reservado: para su consulta es necesario credencial de usuario y carta de motivos
546 ## - NOTA DE LENGUA/LENGUAJE
Nota de lengua/lenguaje Texto en: español a mediados del siglo XIX
600 14 - PUNTO DE ACCESO ADICIONAL DE MATERIA--NOMBRE DE PERSONA
Nombre de persona Herrera Ricardos, José Joaquín de
Fechas asociadas al nombre 1792-1854
9 (RLIN) 12484
651 #4 - PUNTO DE ACCESO ADICIONAL DE MATERIA--NOMBRE GEOGRÁFICO
Nombre geográfico México
Subdivisión de forma Impreso con rúbricas
Subdivisión general Historia
Subdivisión cronológica Federalismo y centralismo, 1824-1853
9 (RLIN) 12485
700 1# - PUNTO DE ACCESO ADICIONAL--NOMBRE DE PERSONA
Nombre de persona López, Don Manuel
Títulos y otros términos asociados al nombre Capitán
Fechas asociadas al nombre 1780-1860
9 (RLIN) 12486
700 1# - PUNTO DE ACCESO ADICIONAL--NOMBRE DE PERSONA
Nombre de persona Mariano de Michelena, José
Fechas asociadas al nombre 1772-1852
9 (RLIN) 12487
700 1# - PUNTO DE ACCESO ADICIONAL--NOMBRE DE PERSONA
Nombre de persona Dominguez Alemán, Miguel Ramón
Fechas asociadas al nombre 1756-1830
9 (RLIN) 12488
700 1# - PUNTO DE ACCESO ADICIONAL--NOMBRE DE PERSONA
Nombre de persona Ruíz de Apodaca, Juan
Fechas asociadas al nombre 1754-1835
9 (RLIN) 12489
700 1# - PUNTO DE ACCESO ADICIONAL--NOMBRE DE PERSONA
Nombre de persona Romana, Patricio
9 (RLIN) 12490
700 1# - PUNTO DE ACCESO ADICIONAL--NOMBRE DE PERSONA
Nombre de persona Moreno, Marcos
9 (RLIN) 12491
700 1# - PUNTO DE ACCESO ADICIONAL--NOMBRE DE PERSONA
Nombre de persona Morales, Manuel
9 (RLIN) 12492
700 1# - PUNTO DE ACCESO ADICIONAL--NOMBRE DE PERSONA
Nombre de persona Durán, Manuel
9 (RLIN) 9825
902 ## - CATALOGADOR
Iniciales FDH
942 ## - ELEMENTOS DE PUNTO DE ACCESO ADICIONAL (KOHA)
Fuente del sistema de clasificación o colocación Library of Congress Classification
Tipo de ítem Koha Documentos
Holdings
Estado de retiro Estado de pérdida Estado dañado No para préstamo Localización permanente Ubicación/localización actual Fecha de adquisición Total de préstamos Signatura topográfica completa Código de barras Fecha visto por última vez Precio válido a partir de Tipo de ítem Koha
El ejemplar forma parte de la colección y puede ser consultado según las políticas vigentes.       Biblioteca del Museo Franz Mayer (Rogerio Casas-Alatriste) Biblioteca del Museo Franz Mayer (Rogerio Casas-Alatriste) 21/10/2010   DOC19 .H47 1824 4985 22/03/2019 22/03/2019 Documentos